<?xml version="1.0" encoding="UTF-8"?><?xml-stylesheet type="text/xsl" href="static/style.xsl"?><OAI-PMH xmlns="http://www.openarchives.org/OAI/2.0/" xmlns:xsi="http://www.w3.org/2001/XMLSchema-instance" xsi:schemaLocation="http://www.openarchives.org/OAI/2.0/ http://www.openarchives.org/OAI/2.0/OAI-PMH.xsd"><responseDate>2026-04-13T06:37:07Z</responseDate><request verb="GetRecord" identifier="oai:www.recercat.cat:11351/13570" metadataPrefix="marc">https://recercat.cat/oai/request</request><GetRecord><record><header><identifier>oai:recercat.cat:11351/13570</identifier><datestamp>2025-10-24T10:27:22Z</datestamp><setSpec>com_2072_378070</setSpec><setSpec>com_2072_378040</setSpec><setSpec>col_2072_378092</setSpec></header><metadata><record xmlns="http://www.loc.gov/MARC21/slim" xmlns:dcterms="http://purl.org/dc/terms/" xmlns:xsi="http://www.w3.org/2001/XMLSchema-instance" xmlns:doc="http://www.lyncode.com/xoai" xsi:schemaLocation="http://www.loc.gov/MARC21/slim http://www.loc.gov/standards/marcxml/schema/MARC21slim.xsd">
   <leader>00925njm 22002777a 4500</leader>
   <datafield ind2=" " ind1=" " tag="042">
      <subfield code="a">dc</subfield>
   </datafield>
   <datafield ind2=" " ind1=" " tag="720">
      <subfield code="a">Tevell, Staffan</subfield>
      <subfield code="e">author</subfield>
   </datafield>
   <datafield ind2=" " ind1=" " tag="720">
      <subfield code="a">Aboltins, Craig</subfield>
      <subfield code="e">author</subfield>
   </datafield>
   <datafield ind2=" " ind1=" " tag="720">
      <subfield code="a">Hewlett, Angela</subfield>
      <subfield code="e">author</subfield>
   </datafield>
   <datafield ind2=" " ind1=" " tag="720">
      <subfield code="a">Young, Bernadette</subfield>
      <subfield code="e">author</subfield>
   </datafield>
   <datafield ind2=" " ind1=" " tag="720">
      <subfield code="a">Rodríguez Pardo, Ma Dolores</subfield>
      <subfield code="e">author</subfield>
   </datafield>
   <datafield ind2=" " ind1=" " tag="260">
      <subfield code="c">2025-08-25T07:17:11Z</subfield>
   </datafield>
   <datafield ind2=" " ind1=" " tag="260">
      <subfield code="c">2025-08-25T07:17:11Z</subfield>
   </datafield>
   <datafield ind2=" " ind1=" " tag="260">
      <subfield code="c">2025-09</subfield>
   </datafield>
   <datafield ind2=" " ind1=" " tag="520">
      <subfield code="a">Fluoroquinolones; Periprosthetic joint infections; Efficacy</subfield>
   </datafield>
   <datafield ind2=" " ind1=" " tag="520">
      <subfield code="a">Fluoroquinolones; Infeccions articulars periprotètiques; Eficàcia</subfield>
   </datafield>
   <datafield ind2=" " ind1=" " tag="520">
      <subfield code="a">Fluoroquinolonas; Infecciones articulares periprotésicas; Eficacia</subfield>
   </datafield>
   <datafield ind2=" " ind1=" " tag="520">
      <subfield code="a">Background&#xd;
Fluoroquinolones (FQs) are currently recommended for the treatment of periprosthetic joint infections (PJIs) caused by staphylococci and Gram-negative bacteria (GNB) in patients undergoing debridement, antibiotics and implant retention (DAIR). In recent decades, reports of serious adverse events associated with FQ use have led to official regulatory recommendations for their restricted use. This review aims to describe the evidence for, and discuss the risks and benefits of, FQ use for PJI.&#xd;
Methods&#xd;
A comprehensive search of MEDLINE and EMBASE up to October 2024 was conducted using pre-defined criteria to identify studies addressing (i) the efficacy of FQs in treating staphylococcal and GNB-PJI, and (ii) serious adverse events associated with FQs. A narrative synthesis of the results was performed.&#xd;
Results&#xd;
No randomized controlled trials were identified. A total of 19 retrospective studies were reviewed to assess the efficacy of FQs in treating staphylococcal and GNB-PJI, though the sample sizes in these studies were relatively small. Fifty-seven studies, mostly large retrospective epidemiological cohorts, were found evaluating adverse events associated with FQ treatment.&#xd;
Conclusions&#xd;
There is evidence supporting the use of FQ monotherapy for GNB-PJI and FQ combined with rifampin for staphylococcal PJIs following DAIR over other antimicrobial regimens. There is evidence that FQs are associated with an increased risk of tendinopathy, prolonged QTc interval, peripheral neuropathy and dysglycaemia, however the absolute risk is low. When FQs are used in the treatment of PJIs, an individualized risk assessment and close monitoring during treatment are recommended.</subfield>
   </datafield>
   <datafield ind2=" " ind1=" " tag="520">
      <subfield code="a">S.T. is supported by the Research committee of Region Värmland (LIVFOU) and by grants from the Swedish state under the ALF agreement between the Swedish government and the county councils (Region Örebro County, Sweden OLL-967677). B.Y. is supported by the National institute for Health Research (NIHR) Oxford Biomedical Research Centre (BRC).</subfield>
   </datafield>
   <datafield ind1="8" ind2=" " tag="024">
      <subfield code="a">http://hdl.handle.net/11351/13570</subfield>
   </datafield>
   <datafield tag="653" ind2=" " ind1=" ">
      <subfield code="a">Articulacions artificials</subfield>
   </datafield>
   <datafield tag="653" ind2=" " ind1=" ">
      <subfield code="a">Malalties bacterianes - Tractament</subfield>
   </datafield>
   <datafield tag="653" ind2=" " ind1=" ">
      <subfield code="a">Estafilococs</subfield>
   </datafield>
   <datafield tag="653" ind2=" " ind1=" ">
      <subfield code="a">Medicaments antibacterians - Ús terapèutic - Efectes secundaris</subfield>
   </datafield>
   <datafield tag="653" ind2=" " ind1=" ">
      <subfield code="a">ANALYTICAL, DIAGNOSTIC AND THERAPEUTIC TECHNIQUES, AND EQUIPMENT::Equipment and Supplies::Prostheses and Implants::Joint Prosthesis</subfield>
   </datafield>
   <datafield tag="653" ind2=" " ind1=" ">
      <subfield code="a">Other subheadings::Other subheadings::Other subheadings::/adverse effects</subfield>
   </datafield>
   <datafield tag="653" ind2=" " ind1=" ">
      <subfield code="a">DISEASES::Bacterial Infections and Mycoses::Infection::Prosthesis-Related Infections</subfield>
   </datafield>
   <datafield tag="653" ind2=" " ind1=" ">
      <subfield code="a">ORGANISMS::Bacteria::Endospore-Forming Bacteria::Gram-Positive Endospore-Forming Bacteria::Gram-Positive Endospore-Forming Rods::Staphylococcaceae::Staphylococcus</subfield>
   </datafield>
   <datafield tag="653" ind2=" " ind1=" ">
      <subfield code="a">CHEMICALS AND DRUGS::Heterocyclic Compounds::Heterocyclic Compounds, Fused-Ring::Heterocyclic Compounds, 2-Ring::Quinolines::Quinolones::Fluoroquinolones</subfield>
   </datafield>
   <datafield tag="653" ind2=" " ind1=" ">
      <subfield code="a">Other subheadings::Other subheadings::Other subheadings::/adverse effects</subfield>
   </datafield>
   <datafield tag="653" ind2=" " ind1=" ">
      <subfield code="a">TÉCNICAS Y EQUIPOS ANALÍTICOS, DIAGNÓSTICOS Y TERAPÉUTICOS::equipos y suministros::prótesis e implantes::prótesis articulares</subfield>
   </datafield>
   <datafield tag="653" ind2=" " ind1=" ">
      <subfield code="a">Otros calificadores::Otros calificadores::Otros calificadores::/efectos adversos</subfield>
   </datafield>
   <datafield tag="653" ind2=" " ind1=" ">
      <subfield code="a">ENFERMEDADES::infecciones bacterianas y micosis::infección::infecciones relacionadas con prótesis</subfield>
   </datafield>
   <datafield tag="653" ind2=" " ind1=" ">
      <subfield code="a">ORGANISMOS::Bacteria::bacterias formadoras de endosporas::bacterias grampositivas formadoras de endosporas::bacilos grampositivos formadores de endosporas::Staphylococcaceae::Staphylococcus</subfield>
   </datafield>
   <datafield tag="653" ind2=" " ind1=" ">
      <subfield code="a">COMPUESTOS QUÍMICOS Y DROGAS::compuestos heterocíclicos::compuestos heterocíclicos con anillos de fusión::compuestos heterocíclicos de 2 anillos::quinolinas::quinolonas::fluoroquinolonas</subfield>
   </datafield>
   <datafield tag="653" ind2=" " ind1=" ">
      <subfield code="a">Otros calificadores::Otros calificadores::Otros calificadores::/efectos adversos</subfield>
   </datafield>
   <datafield ind2="0" ind1="0" tag="245">
      <subfield code="a">To heal or harm: A systematic review of the role of fluoroquinolones in periprosthetic joint infections</subfield>
   </datafield>
</record></metadata></record></GetRecord></OAI-PMH>